Southville International School and Colleges
Your cart is empty.
  • Cart
  • Lists
    Public lists Eva Luna New books Lux_list list_1
    Your lists Log in to create your own lists
  • Log in to your account
  • Your cookies
  • Search history
Southville International School and Colleges
  • Advanced search
  • Recent comments
  • Most popular
  • Libraries

Log in to your account

Log in with GOOGLE


If you do not have an external account, but do have a local account, you can still log in:

  1. Home
  2. MARC view: The historical Christ and the Jesus of faith :
Normal view MARC view ISBD view

The historical Christ and the Jesus of faith : (Record no. 8703)

[ view plain ]
MARC details
000 -LEADER
fixed length control field 01594cam a2200361 a 4500
001 - CONTROL NUMBER
control field 673031
003 - CONTROL NUMBER IDENTIFIER
control field OSt
005 - DATE AND TIME OF LATEST TRANSACTION
control field 20140310182037.0
008 - FIXED-LENGTH DATA ELEMENTS--GENERAL INFORMATION
fixed length control field 950830s1996 enk b 001 0 eng
010 ## - LIBRARY OF CONGRESS CONTROL NUMBER
LC control number 95041328
020 ## - INTERNATIONAL STANDARD BOOK NUMBER
International Standard Book Number 0198263821 (alk. paper)
020 ## - INTERNATIONAL STANDARD BOOK NUMBER
International Standard Book Number 019826397X (pbk. : alk. paper)
040 ## - CATALOGING SOURCE
Original cataloging agency DLC
Transcribing agency DLC
Modifying agency DLC
050 00 - LIBRARY OF CONGRESS CALL NUMBER
Classification number BT 205
Item number .Ev83 1996
082 00 - DEWEY DECIMAL CLASSIFICATION NUMBER
Classification number HS 232.908
Item number Ev15 1996
100 1# - MAIN ENTRY--PERSONAL NAME
Personal name Evans, C. Stephen.
9 (RLIN) 10794
245 14 - TITLE STATEMENT
Title The historical Christ and the Jesus of faith :
Remainder of title the incarnational narrative as history /
Statement of responsibility, etc C. Stephen Evans.
260 ## - PUBLICATION, DISTRIBUTION, ETC. (IMPRINT)
Place of publication, distribution, etc Oxford :
Name of publisher, distributor, etc Clarendon Press ;
Place of publication, distribution, etc New York :
Name of publisher, distributor, etc Oxford University Press,
Date of publication, distribution, etc c1996.
300 ## - PHYSICAL DESCRIPTION
Extent 386 p. :
Dimensions 22 cm.
500 ## - GENERAL NOTE
General note Includes bibliographical references (p. [356]-367) and index.
600 00 - SUBJECT ADDED ENTRY--PERSONAL NAME
Personal name Jesus Christ
General subdivision Person and offices
-- Biblical teaching.
9 (RLIN) 10795
600 00 - SUBJECT ADDED ENTRY--PERSONAL NAME
Personal name Jesus Christ
General subdivision Historicity.
9 (RLIN) 10796
630 00 - SUBJECT ADDED ENTRY--UNIFORM TITLE
Uniform title Bible.
Name of part/section of a work N.T.
-- Gospels
General subdivision Criticism, interpretation, etc.
-- History
Chronological subdivision 20th century.
9 (RLIN) 10797
630 00 - SUBJECT ADDED ENTRY--UNIFORM TITLE
Uniform title Bible.
Name of part/section of a work N.T.
-- Gospels
General subdivision Evidences, authority, etc.
9 (RLIN) 10798
650 #0 - SUBJECT ADDED ENTRY--TOPICAL TERM
Topical term or geographic name as entry element Incarnation
General subdivision Biblical teaching.
9 (RLIN) 10799
650 #0 - SUBJECT ADDED ENTRY--TOPICAL TERM
Topical term or geographic name as entry element Atonement
General subdivision Biblical teaching.
9 (RLIN) 10800
856 42 - ELECTRONIC LOCATION AND ACCESS
Materials specified Publisher description
Uniform Resource Identifier <a href="http://www.loc.gov/catdir/enhancements/fy0605/95041328-d.html">http://www.loc.gov/catdir/enhancements/fy0605/95041328-d.html</a>
856 42 - ELECTRONIC LOCATION AND ACCESS
Materials specified Contributor biographical information
Uniform Resource Identifier <a href="http://www.loc.gov/catdir/enhancements/fy0724/95041328-b.html">http://www.loc.gov/catdir/enhancements/fy0724/95041328-b.html</a>
906 ## - LOCAL DATA ELEMENT F, LDF (RLIN)
a 7
b cbc
c orignew
d 1
e ocip
f 19
g y-gencatlg
942 ## - ADDED ENTRY ELEMENTS (KOHA)
Source of classification or shelving scheme Library of Congress Classification
Koha item type
Call number prefix
Holdings
Withdrawn status Lost status Source of classification or shelving scheme Damaged status Home library Current library Shelving location Date acquired Total Checkouts Full call number Barcode Date last seen Copy number Price effective from Koha item type
    Library of Congress Classification   Luxembourg Library Luxembourg Library High School Section 08/15/2013   BT 205 .Ev83 1996 6221 05/27/2015 1 08/15/2013 Books

The historical Christ and the Jesus of faith :

APA

Evans C. S., . (1996). The historical Christ and the Jesus of faith. Oxford: Clarendon Press.

Chicago

Evans C Stephen, . 1996. The historical Christ and the Jesus of faith. Oxford: Clarendon Press.

Harvard

Evans C. S., . (1996). The historical Christ and the Jesus of faith. Oxford: Clarendon Press.

MLA

Evans C Stephen, . The historical Christ and the Jesus of faith. Oxford: Clarendon Press. 1996.

  • Place hold
  • Print
  • Cite
  • Add to your cart (remove)
  • Save record
    BIBTEX Dublin Core MARCXML MARC (non-Unicode/MARC-8) MARC (Unicode/UTF-8) MARC (Unicode/UTF-8, Standard) MODS (XML) RIS
  • More searches
    Search for this title in:
    Other Libraries (WorldCat) Other Databases (Google Scholar) Online Stores (Bookfinder.com) Open Library (openlibrary.org)

Exporting to Dublin Core...

SOUTHVILLE LIBRARY

Southville International School and Colleges Library

1281 Tropical Ave. Cor. Luxembourg St., BF Homes International, Las Pinas City

Tel. No. 8256374 / 252358 Loc. 117/146

Powered by Koha